Catálogo público

Tratado de nutrición y alimentación / (Record no. 175653)

MARC details
000 -CABECERA
campo de control de longitud fija 00915nam a2200313Ia 4500
001 - NÚMERO DE CONTROL
campo de control dia_4850
003 - IDENTIFICADOR DEL NÚMERO DE CONTROL
campo de control CHAP
005 - FECHA Y HORA DE LA ÚLTIMA TRANSACCIÓN
campo de control 20230720132551.0
008 - DATOS DE LONGITUD FIJA--INFORMACIÓN GENERAL
campo de control de longitud fija 220117s2010 xx 000 0 und d
010 ## - NÚMERO DE CONTROL DE LA BIBLIOTECA DEL CONGRESO
Número de control de LC 175653
020 ## - NÚMERO INTERNACIONAL ESTÁNDAR DEL LIBRO
Número Internacional Estándar del Libro 978-84-95199-83-6
040 ## - FUENTE DE LA CATALOGACIÓN
Centro/agencia transcriptor CHAP
082 ## - NÚMERO DE LA CLASIFICACIÓN DECIMAL DEWEY
Número de clasificación C 664 M38 2010
100 ## - ENTRADA PRINCIPAL--NOMBRE DE PERSONA
Nombre de persona Mataix Verdú, José
9 (RLIN) 156875
245 ## - MENCIÓN DE TÍTULO
Título Tratado de nutrición y alimentación /
Mención de responsabilidad, etc. José Mataix Verdú
250 ## - MENCIÓN DE EDICIÓN
Mención de edición ampl.
260 ## - PUBLICACIÓN, DISTRIBUCIÓN, ETC.
Lugar de publicación, distribución, etc. España :
Nombre del editor, distribuidor, etc. Océano :,
-- Ergón,
Fecha de publicación, distribución, etc. 2010
300 ## - DESCRIPCIÓN FÍSICA
Extensión 2 v.
503 ## - NOTA DE HISTORIA BIBLIOGRÁFICA (BK CF MU) [OBSOLETO]
Nota de historia bibliográfica I. 244836
504 ## - NOTA DE BIBLIOGRAFÍA, ETC.
Nota de bibliografía, etc. Incluye bibliografía
505 ## - NOTA DE CONTENIDO CON FORMATO
Nota de contenido con formato V Nutrientes y alimentos \ V 2. Situaciones fisiológicas y patológicas
590 ## - NOTA LOCAL (RLIN)
Nota local RA784 M38 2010
650 ## - PUNTO DE ACCESO ADICIONAL DE MATERIA--TÉRMINO DE MATERIA
Término de materia o nombre geográfico como elemento de entrada Nutrición
9 (RLIN) 82246
650 ## - PUNTO DE ACCESO ADICIONAL DE MATERIA--TÉRMINO DE MATERIA
Término de materia o nombre geográfico como elemento de entrada Nutrition
9 (RLIN) 147888
901 ## - ELEMENTOS DE DATOS A LOCAL LDA (RLIN)
a C 664 M38 2010
902 ## - ELEMENTOS DE DATOS B LOCAL, LDB (RLIN)
a M
905 ## - ELEMENTOS DE DATOS E LOCAL, LDE (RLIN)
a 5232272010 sp amni8222223322spa16
942 ## - ELEMENTOS DE PUNTO DE ACCESO ADICIONAL (KOHA)
Tipo de ítem Koha Libro
Fuente del sistema de clasificación o colocación Dewey Decimal Classification
Holdings
Estado de retiro Estado de pérdida Fuente del sistema de clasificación o colocación Estado dañado Restricciones de uso No para préstamo Código de colección Localización permanente Ubicación/localización actual Fecha de adquisición Enumeración/cronología de publicación seriada Total de préstamos Signatura topográfica completa Código de barras Fecha visto por última vez Número de copia Precio válido a partir de Tipo de ítem Koha
    Dewey Decimal Classification   Préstamo interno   Consulta Ingenieria Agroindustrial Ingenieria Agroindustrial 18/01/2022 Volumen: 2   C 664 M38 2010 dia_006602 18/01/2022 1 18/01/2022 Libro
    Dewey Decimal Classification   Préstamo interno   Consulta Ingenieria Agroindustrial Ingenieria Agroindustrial 18/01/2022 Volumen: 1   C 664 M38 2010 dia_006601 18/01/2022 1 18/01/2022 Libro